| 000 | 00825nas a2200277 4500 | ||
|---|---|---|---|
| 001 | BR9000978 | ||
| 003 | BR-BrBNA | ||
| 005 | 20231205091820.0 | ||
| 007 | ta | ||
| 008 | 230509b bl.|||p| |||| 00| 00por d | ||
| 040 |
_aBR-BrBNA _bpor _cBiblioteca Nacional de Agricultura |
||
| 041 | _a(Pt) | ||
| 072 | _aF62; U10 | ||
| 100 | 1 | _aCalbo, A.G. | |
| 100 | 1 | _aSilva, W.L.C. | |
| 100 | 1 | _aTorres, A.C. | |
| 245 | 1 | _aAjuste de funcoes nao lineares de crescimento | |
| 246 | 1 | _aFiting non-linear growth functions | |
| 650 | _aFISIOLOGIA VEGETAL | ||
| 650 | _aCRESCIMENTO | ||
| 650 | _aESTATISTICA | ||
| 650 | _aMODELO MATEMATICO | ||
| 773 | 0 |
_tRevista Brasileira de Fisiologia Vegetal (Brazil) _xISSN 0103-3131 _g(1989), v. 1(1) p. 9-18 _wBR9000978 |
|
| 909 |
_a202311 _bLúcia _c55 _dLúcia Elande |
||
| 942 |
_2AGRIS _n0 _cANA |
||
| 999 |
_c127535 _d127535 |
||